Espectáculo de la naturaleza, o conversaciones de la historia natural, que han parecido más a propósito para exercitar una curiosidad útil, y formarles la razón à los jóvenes lectores (Record no. 8436)
[ view plain ]
| 000 -CABECERA | |
|---|---|
| campo de control de longitud fija | 01266nam a2200241 a 4500 |
| 001 - NÚMERO DE CONTROL | |
| campo de control | BRCA_8785 |
| 005 - FECHA Y HORA DE LA ÚLTIMA TRANSACCIÓN | |
| campo de control | 20190320210417.0 |
| 008 - DATOS DE LONGITUD FIJA--INFORMACIÓN GENERAL | |
| campo de control de longitud fija | 170417s1754----sp-a######---#000-0#spa-# |
| 041 ## - CÓDIGO DE LENGUA | |
| Código de lengua del texto/banda sonora o título independiente | spa |
| 044 ## - CÓDIGO DEL PAÍS DE LA ENTIDAD EDITORA/PRODUCTORA | |
| Código MARC del país | sp |
| 084 ## - OTRO NÚMERO DE CLASIFICACIÓN | |
| Número de clasificación | BE164 |
| Número de documento/Ítem | .P58 1754 |
| 100 1# - ENTRADA PRINCIPAL--NOMBRE DE PERSONA | |
| Nombre de persona | Pluche, Nöel Antoine |
| Fechas asociadas al nombre | 1688 - 1761 |
| 9 (RLIN) | 21346 |
| 245 10 - MENCIÓN DE TÍTULO | |
| Título | Espectáculo de la naturaleza, o conversaciones de la historia natural, que han parecido más a propósito para exercitar una curiosidad útil, y formarles la razón à los jóvenes lectores |
| Resto del título | parte sexta, que contiene lo que pertenece al hombre en sociedad |
| Mención de responsabilidad, etc. | escrito en el idioma francés por el Abad . Pluche, y traducido al castellano por el P. Estevan de Terreros... |
| 260 ## - PUBLICACIÓN, DISTRIBUCIÓN, ETC. | |
| Lugar de publicación, distribución, etc. | Madrid |
| Nombre del editor, distribuidor, etc. | En la Oficina de D. Gabriel Ramírez |
| Fecha de publicación, distribución, etc. | 1754 |
| 300 ## - DESCRIPCIÓN FÍSICA | |
| Extensión | [2], 240 p. (t.12) |
| Otras características físicas | il. 30 h. plegables |
| Dimensiones | 20.2 x 14.2 cm. |
| 500 ## - NOTA GENERAL | |
| Nota general | En portada: Dedicado a la Reyna Nuestra Señora Doña María Bárbara |
| 500 ## - NOTA GENERAL | |
| Nota general | Estado físico: presenta encuadernación en pergamino, con cintas rotas y algunos cuadernillos desprendidos |
| 505 0# - NOTA DE CONTENIDO CON FORMATO | |
| Nota de contenido con formato | Contiene lo que pertenece al hombre en sociedad |
| 650 14 - PUNTO DE ACCESO ADICIONAL DE MATERIA--TÉRMINO DE MATERIA | |
| Término de materia o nombre geográfico como elemento de entrada | Ciencias naturalez |
| Subdivisión cronológica | Obras anteriores a 1800 |
| 9 (RLIN) | 21899 |
| 700 1# - PUNTO DE ACCESO ADICIONAL--NOMBRE DE PERSONA | |
| Nombre de persona | Terreros y Pando, Estevan de |
| Fechas asociadas al nombre | 1707 - 1782 |
| Término indicativo de función/relación | tr. |
| 9 (RLIN) | 21900 |
| 902 ## - CATALOGADOR | |
| Iniciales | CFM |
| 942 ## - ELEMENTOS DE PUNTO DE ACCESO ADICIONAL (KOHA) | |
| Fuente del sistema de clasificación o colocación | Library of Congress Classification |
| Tipo de ítem Koha | Libros |
| Estado de retiro | Estado de pérdida | Estado dañado | No para préstamo | Localización permanente | Ubicación/localización actual | Fecha de adquisición | Total de préstamos | Signatura topográfica completa | Código de barras | Fecha visto por última vez | Precio válido a partir de | Tipo de ítem Koha |
|---|---|---|---|---|---|---|---|---|---|---|---|---|
| El ejemplar forma parte de la colección y puede ser consultado según las políticas vigentes. | Biblioteca del Museo Franz Mayer (Rogerio Casas-Alatriste) | Biblioteca del Museo Franz Mayer (Rogerio Casas-Alatriste) | 17/04/2017 | BE164 .P58 1754 | CFM00112 | 22/03/2019 | 22/03/2019 | Libros |